Countries of the World Quiz - 30 Minutes - Statistics

General Stats
  • This quiz has been taken 30 times
  • The average score is 130 of 196
Answers on the Map
Answers color-coded by a green-red scale on the quiz's map according to % correct below.
 
Answer Stats
Country % Correct
Canada
100%
United States
100%
Mexico
94%
Argentina
88%
Australia
88%
Germany
88%
Poland
88%
South Africa
88%
Austria
82%
Belarus
82%
Belgium
82%
Brazil
82%
China
82%
Cuba
82%
Denmark
82%
Finland
82%
France
82%
Greece
82%
Iceland
82%
India
82%
Ireland
82%
Italy
82%
Japan
82%
Latvia
82%
Luxembourg
82%
Madagascar
82%
New Zealand
82%
Niger
82%
North Korea
82%
Norway
82%
Panama
82%
Paraguay
82%
Peru
82%
Russia
82%
Saudi Arabia
82%
South Korea
82%
Spain
82%
Sweden
82%
Switzerland
82%
Ukraine
82%
United Kingdom
82%
Uruguay
82%
Yemen
82%
Albania
76%
Andorra
76%
Bahamas
76%
Bolivia
76%
Bulgaria
76%
Chile
76%
Colombia
76%
Croatia
76%
Czech Republic
76%
Democratic Republic of the Congo
76%
Dominican Republic
76%
Egypt
76%
El Salvador
76%
Estonia
76%
Haiti
76%
Indonesia
76%
Israel
76%
Kazakhstan
76%
Kosovo
76%
Laos
76%
Lithuania
76%
Malta
76%
Monaco
76%
Mongolia
76%
Morocco
76%
Nepal
76%
Netherlands
76%
Nigeria
76%
North Macedonia
76%
Oman
76%
Pakistan
76%
Portugal
76%
Romania
76%
San Marino
76%
Serbia
76%
Slovakia
76%
Slovenia
76%
Thailand
76%
Turkey
76%
Uzbekistan
76%
Vietnam
76%
Zambia
76%
Afghanistan
71%
Algeria
71%
Azerbaijan
71%
Bangladesh
71%
Bosnia and Herzegovina
71%
Chad
71%
Dominica
71%
Fiji
71%
Georgia
71%
Guatemala
71%
Hungary
71%
Iran
71%
Iraq
71%
Jordan
71%
Kenya
71%
Maldives
71%
Moldova
71%
Montenegro
71%
Philippines
71%
Qatar
71%
South Sudan
71%
Sri Lanka
71%
Sudan
71%
Venezuela
71%
Bhutan
65%
Cambodia
65%
Cyprus
65%
Ethiopia
65%
Jamaica
65%
Libya
65%
Malaysia
65%
Mali
65%
Marshall Islands
65%
Republic of the Congo
65%
Singapore
65%
Somalia
65%
Syria
65%
Togo
65%
Tunisia
65%
Uganda
65%
United Arab Emirates
65%
Vatican City
65%
Armenia
59%
Belize
59%
Central African Republic
59%
Costa Rica
59%
Ecuador
59%
Federated States of Micronesia
59%
Ghana
59%
Guinea
59%
Honduras
59%
Mozambique
59%
Papua New Guinea
59%
Taiwan
59%
Trinidad and Tobago
59%
Turkmenistan
59%
Zimbabwe
59%
Botswana
53%
Burkina Faso
53%
Eritrea
53%
Gabon
53%
Lebanon
53%
Lesotho
53%
Liberia
53%
Liechtenstein
53%
Myanmar
53%
Nicaragua
53%
Rwanda
53%
Suriname
53%
Tanzania
53%
Angola
47%
Bahrain
47%
Barbados
47%
Benin
47%
Cameroon
47%
East Timor
47%
Eswatini
47%
Gambia
47%
Guinea-Bissau
47%
Guyana
47%
Kuwait
47%
Mauritius
47%
Palau
47%
Saint Vincent and the Grenadines
47%
Senegal
47%
Seychelles
47%
Solomon Islands
47%
Tajikistan
47%
Antigua and Barbuda
41%
Burundi
41%
Djibouti
41%
Equatorial Guinea
41%
Ivory Coast
41%
Kiribati
41%
Kyrgyzstan
41%
Malawi
41%
Mauritania
41%
Namibia
41%
Saint Kitts and Nevis
41%
Saint Lucia
41%
Sierra Leone
41%
Vanuatu
41%
Cape Verde
35%
Comoros
35%
Grenada
35%
Nauru
35%
Samoa
35%
São Tomé and Príncipe
35%
Tonga
35%
Tuvalu
35%
Brunei
29%
No matching quizzes found
Score Distribution
Percent of People with Each Score
Percentile by Number Answered
Your Score History
You have not taken this quiz